000 00709nam a2200241Ia 4500
003 OSt
005 20220918164720.0
006 a|||||r|||| 00| 0
007 ta
008 220917b |||||||| |||| 00| 0 eng d
020 _a071468113x (pbk)
024 _a158,215
037 _cTextual
040 _aARTS
_cARTS
_beng
041 _2eng
_aeng
082 _aG:55.1, P0 (SC)
245 0 _aEcological modernisation around the world
_b perspectives and critical debates edited by Arthur P.J.Mol and David A. Sonnenfeld
260 _aLondon
_bFrank Cass
_c2000
300 _avii, 300p.
_ccm.
650 _aBIOLOGY
_97
942 _hG:55.1, P0 (SC)
_cTEXL
_2CC
999 _c126125
_d126125